[Event "Elenite"]
[Site "Elenite"]
[Date "1993.??.??"]
[Round "4"]
[White "Georgiev, Kiril"]
[Black "Dimitrov, Vladimir"]
[Result "1-0"]
[WhiteElo "2660"]
[BlackElo "2525"]
[Annotator "Kortschnoj,V"]
[PlyCount "71"]
[EventDate "1993.??.??"]
[EventType "tourn"]
[EventRounds "11"]
[EventCountry "BUL"]
[EventCategory "14"]
[SourceTitle "CBM 038"]
[Source "ChessBase"]
[SourceDate "1994.02.01"]
[SourceVersion "1"]
[SourceVersionDate "1994.02.01"]
[SourceQuality "1"]

1. c4 e6 2. Nc3 d5 3. d4 c6 4. e3 Nf6 5. Qc2 Nbd7 6. Bd2 Bd6 7. Nf3 O-O 8. Bd3
dxc4 (8... e5 9. cxd5 cxd5 10. Nb5 Bb8 11. dxe5 Nxe5 12. Nxe5 Bxe5 13. Bc3 $14)
9. Bxc4 e5 10. O-O Qe7 11. Bb3 Bb8 (11... e4 12. Ng5 Bxh2+ 13. Kxh2 Ng4+ 14.
Kg1 Qxg5 15. Qxe4 $14) 12. Rae1 h6 $6 (12... a5 $5) 13. Nh4 $14 Kh8 14. g3 Qd8
15. Ne2 a5 16. a3 exd4 17. Nxd4 Ba7 18. Bc3 Nc5 19. Rd1 Qb6 20. Ba2 Bg4 $2 (
20... Nce4 $1 $14) 21. Ndf5 $1 $16 Bxd1 22. Rxd1 Nce4 23. Nxg7 $1 Qc5 24. Ne6
$1 fxe6 25. Qxe4 $18 Qxc3 26. Qf4 $1 Qc2 27. Qxh6+ Kg8 28. Bxe6+ Rf7 29. Nf5
Qxd1+ 30. Kg2 Qd5+ 31. Bxd5 Nxd5 32. Qg6+ Kf8 33. Qh5 Ne7 34. Qh6+ Kg8 35. Qg5+
Kf8 36. Nxe7 (36. Nxe7 Rxe7 37. Qf6+ Ke8 38. Qh8+ $18) 1-0

[Event "Cutro 07th"]
[Site "Cutro"]
[Date "2001.04.26"]
[Round "5"]
[White "Georgiev, Vladimir"]
[Black "Borgo, Giulio"]
[Result "1/2-1/2"]
[WhiteElo "2592"]
[BlackElo "2408"]
[Annotator "Kostakiev,D"]
[PlyCount "73"]
[EventDate "2001.04.22"]
[EventType "tourn"]
[EventRounds "10"]
[EventCountry "ITA"]
[EventCategory "9"]
[SourceTitle "CBM 083"]
[Source "ChessBase"]
[SourceDate "2001.07.05"]
[SourceVersion "1"]
[SourceVersionDate "2001.07.05"]
[SourceQuality "1"]

1. d4 d5 2. c4 e6 3. Nc3 c6 4. e3 Nf6 5. Nf3 Nbd7 6. Bd3 Bd6 7. O-O O-O 8. e4
dxc4 9. Bxc4 e5 10. h3 b5 11. Bb3 a6 (11... b4 12. Na4 Qc7 {1-0 Hansen,
C-Pedersen,S/Torshavn 1997/CBM 56 ext (23)}) (11... Qc7 12. Re1 b4 13. Na4 c5 {
#. 1/2-1/2 Asensio Soto,F-Martin Garcia,J/Albacete 2000/EXT 2001 (13)}) 12. Bg5
(12. Re1 c5 13. d5 c4 {1/2-1/2 Ionescu,C-Negulescu,A/Iasi 1999/CBM 75 (13)})
12... h6 (12... Bb7 13. Re1 h6 {0-1 Vadasz,L-Acs,P/Budapest 1997/CBM 62 ext 
(27)}) 13. Bh4 Re8 14. dxe5 (14. Re1 $5 g5 (14... exd4 15. Qxd4 Qc7 16. Rad1
Bc5 17. Qd3 $14) 15. dxe5 {1-0 Chuchelov,V-Trichkov,V/Wuerzburg 1992/EXT 97 
(54). (53)}) (14. a3 exd4) 14... Nxe5 $11 15. Nxe5 Bxe5 16. Qxd8 Rxd8 17. f4
Bxc3 18. bxc3 Re8 19. Bxf6 gxf6 20. Rfd1 (20. a4 b4 21. Rad1 Rxe4 $11) 20...
Ra7 (20... Rxe4 $142 21. Rd6 Rxf4 $11) 21. Rd6 $14 Kg7 22. Rad1 (22. Re1 Bf5
23. Rxc6 Rxe4 $14) 22... Rxe4 23. R1d3 (23. Rxc6 Bd7 24. Rcd6 $14) 23... Be6
$11 (23... Rxf4 $11) 24. Rg3+ Kf8 25. f5 Bxb3 26. axb3 a5 27. Rxf6 a4 28. bxa4
bxa4 29. Rxh6 Ke7 (29... a3 $4 30. f6 Ke8 31. Rd3 $18) 30. Rg7 $11 Ra5 31. f6+
Ke6 32. Rg8 Ree5 33. Re8+ Kd7 34. Rf8 Ke6 35. Re8+ Kd7 36. Rf8 Ke6 37. Re8+
1/2-1/2

[Event "Las Palmas"]
[Site "Las Palmas"]
[Date "1996.12.21"]
[Round "10"]
[White "Karpov, Anatoly"]
[Black "Kramnik, Vladimir"]
[Result "1/2-1/2"]
[WhiteElo "2775"]
[BlackElo "2765"]
[Annotator "Kramnik,V"]
[PlyCount "76"]
[EventDate "1996.12.08"]
[EventType "tourn"]
[EventRounds "10"]
[EventCountry "ESP"]
[EventCategory "21"]
[SourceTitle "CBM 057"]
[Source "ChessBase"]
[SourceDate "1997.04.01"]
[SourceVersion "1"]
[SourceVersionDate "1997.04.01"]
[SourceQuality "1"]

1. d4 {Shamkovich Karpov Dolmatov} d5 2. c4 c6 3. Nf3 Nf6 4. Nc3 e6 5. e3 Nbd7
6. Qc2 Bd6 7. Bd3 O-O 8. O-O e5 9. cxd5 cxd5 10. e4 exd4 ({Shamkovich: It is
interesting that Kramnik played this position against Karpov few months
earlier Karpov,A-Kramnik,V/Vienna Millenium/1996 and chose..} 10... dxe4 11.
Nxe4 Nxe4 12. Bxe4 h6 13. Be3 exd4 14. Bh7+ Kh8 15. Bxd4 Nf6 16. Bf5 Bxf5 17.
Qxf5 Qc8 18. Qb5 a6 19. Qb6 Qc7 20. Qxc7 Bxc7 21. Bxf6 gxf6 {White has a
better endgame}) 11. Nxd5 Nxd5 12. exd5 h6 13. Nxd4 Qh4 (13... Bxh2+ {is risky
in view of} 14. Kxh2 Qh4+ 15. Kg1 Qxd4 16. Be3 Qxd5 17. Bh7+ Kh8 18. Be4 {
with initiative}) 14. Nf3 Qh5 15. Bh7+ (15. Qc4 {Dolmatov} Nc5 16. Bc2 g5 17.
b4 Na6 18. Qd3 {Orr,M-Kaidanov,G/Dublin/1991/}) 15... Kh8 16. Qf5 {[#]} g5 $5 {
/\ 17...Kg7 Shamkovich: The original lunge. Kramnik chooses to avoid
simplifications, but he doesn't create serious threats. Jeroen Piket in the
game against Ivan Sokolov (Sokolov,I-Piket,J/It Nussloch/1996) continued with .
..} (16... Qxf5 {and after} 17. Bxf5 Nf6 18. Bc2 Bg4 19. Bb3 Bxf3 20. gxf3 Nh5
21. Be3 Nf4 22. Rfd1 {White got an advantage}) (16... Nf6 {Dolmatov} 17. Qxh5
Nxh5 18. Bc2 Nf6 19. Rd1) 17. h4 $5 {/\ 18.g4} ({Karpov could react carefully} 
17. Be3 Ne5 (17... Nb6 $4 18. Bd4+ {wins}) (17... Kg7 {Dolmatov} 18. Bd4+ f6
$13) 18. Qf6+ Kxh7 19. Nxe5 Bxe5 20. Qxe5 {but decided to punish the opponent
immediately}) (17. b3 $5 {Karpov}) (17. Bd2 $5 {Karpov}) 17... Nb6 (17... Ne5
$6 {is dubious} 18. Qf6+ Kxh7 19. Nxe5 (19. Qxd6 $2 Nxf3+ 20. gxf3 Qxf3 {
and now} 21. Qxf8 {is impossible because of} Bh3 {and Black is winning}) 19...
Bxe5 20. Qxe5 Qxh4 21. f4 {with attack}) 18. Qf6+ Kxh7 19. Qxd6 Bg4 20. Nh2 {
interesting play could have occured after} (20. Ne5 Rad8 21. Qb4 Bf5 22. hxg5 {
with unclear position}) (20. hxg5 {Dolmatov} Bxf3 21. gxf3 hxg5 (21... Rad8
$132 {Kramnik}) 22. Kg2 g4 $10) 20... Rad8 (20... Qxh4 {Dolmatov} 21. Qb4 Bh5
22. Qxh4 gxh4 $10) (20... gxh4 $2 {Dolmatov} 21. Nxg4 Qxg4 22. Qxh6+) 21. Qb4
Bf5 22. hxg5 (22. g4 $2 {does not work} Qxh4) 22... Nxd5 (22... hxg5 {Karpov}
23. g4) 23. Qxb7 (23. Qd2 {Karpov} Rg8 24. gxh6 $140 $2 Bh3) 23... hxg5 24. Qb3
$1 {with the idea 24... Rd6 25.Qg3 Rh6 26.f3 Rg8 27.Ng4, refuting the attack.}
({Karpov realized that taking the second pawn is dangerous. It looks like
there is no time for this:} 24. Qxa7 Rd6 $1 {with the following Rh6 gives
Black a dangerous attack. Yet White has a defense:} (24... Rh8 {Karpov} 25. Qa3
Kg6 26. Qg3 Nf6 $36) 25. Nf3 Rh6 26. Nxg5+ Kg8 27. f3 $1 ({of course not} 27.
Nh3 Bxh3 28. Bxh6 Qg4 {wins}) 27... Qh2+ 28. Kf2 Qh4+ 29. Kg1 Qh2+ {draw by
perpetual check}) 24... Rh8 {Kramnik finds another way to continue the attack}
(24... Kg6 {Dolmatov} 25. Qf3 Qh6 26. Qg3 Rh8 27. Bd2 Nf6 $132) 25. Qf3 ({
This is better than} 25. Qg3 Kg6 26. Be3 Nxe3 27. fxe3 Rd2) 25... g4 26. Qg3
Nf6 {Threatening 27... Ne4. Black mobilized all his forces for the final lunge,
so White must find the way to rescue his King} 27. f3 Rd3 {[#] The critical
position of the fierce skirmish /\ 28...Ne4 29.Qf4 g3-+} 28. Nxg4 {At first
glance, White could have continued with 28.fxg4, which seems more promising.
Yet Black has enough resources to maintain the initiative} (28. fxg4 Rxg3 29.
gxh5 Be4 $1 30. Rxf6 Rxg2+ 31. Kf1 Rxh2 32. h6 (32. Rxf7+ $6 Kg8 33. Rxa7 $2 (
33. Rf4 {Right is} Bd3+ 34. Kg1 R8xh5 35. Rg4+ Kf7 36. Rg2 R2h3 {Black has a
full compensation for a pawn}) 33... R8xh5 34. Re7 Rf5+ 35. Ke1 Bd3 {wins}) (
32. Be3 Rh1+ 33. Bg1 Kg7 34. Rf4 f5 35. Ke2 R8xh5 36. Bd4+ Kg6 37. Rxh1 Rxh1
38. Bxa7 Rh2+ 39. Rf2 Rxf2+ 40. Bxf2 f4 {looks drawish}) (32. Rh6+ Kg7 33. Rxh8
Rh1+ 34. Kf2 Kxh8 35. b3 Rxh5 36. Bb2+ Kh7 {game is even}) 32... Bd5 {and
Black is no worse}) 28... Bxg4 (28... Nxg4 {Karpov} 29. fxg4 Rxg3 30. gxh5 Be4
31. Rxf7+ Kg8 32. Rf2 Rxh5 33. Bf4 $16) 29. fxg4 Qg6 {?? Kramnik} (29... Qc5+
$1 {Dolmatov} 30. Be3 (30. Qf2 Qxf2+ 31. Kxf2 (31. Rxf2 Nxg4 32. Rxf7+ $2 (32.
Rf1 $10) (32. Rf1 Kg6 {/\ Rd3-d5-h5}) 32... Kg6 33. Rf1 (33. Rf3 Rd1+ 34. Rf1
Rh1+ 35. Kxh1 Rxf1#) 33... Rd7 34. g3 Rdh7 35. Bf4 Rh1+ 36. Kg2 R8h2+ 37. Kf3
Rxf1+ (37... Kf5 $1 $19) 38. Rxf1 Kf5 $19 39. Bd6 Rc2) 31... Re8 $44) 30...
Rxe3 31. Qf2 Nxg4 32. Qxf7+ Kh6) 30. Qc7 (30. Be3 $1 {Dolmatov} Nxg4 31. Rxf7+
Qxf7 32. Qh4+ $18 (32. Qh4+ {Karpov} Kg7 (32... Nh6 $145 $1 33. Qxh6+ Kg8 34.
Qg5+ Qg7 35. Qxg7+ Kxg7 36. Bxa7 Rc8 $1 $13) 33. Qxg4+ Qg6 34. Bd4+ $18)) 30...
Kg8 (30... Nxg4 $1 {Dolmatov} 31. Rxf7+ (31. Qxf7+ $4 Qxf7 32. Rxf7+ Kg6 33.
Rf1 Rd5 $1 34. Bf4 Rdh5 35. g3 Rh1+ $1 36. Kg2 R8h2+ 37. Kf3 Kf5 $1 $19) 31...
Kg8 32. Rf1 Rh2 $10 (32... Qh5 {Karpov} 33. Qb8+ Kg7 34. Qxa7+ Kg8 35. Qb8+ Kg7
$10)) 31. Bf4 (31. g5 $5 {Karpov}) 31... Rh4 {[#]} (31... Qh7 32. Qc8+ Kg7 33.
Qf5 Qh1+ 34. Kf2 Qh4+ 35. Kg1 (35. Ke2 Rd5 $1 36. Qc2 Qxg4+ {wins}) 35... Qh1+
{draw}) (31... Nxg4 {Karpov} 32. Rae1 $18) 32. Bg3 (32. Qc8+ {Karpov} Kh7 33.
Be5 $6 (33. Qf5) 33... Rxg4 34. Rxf6 Rxg2+ 35. Kh1 $5 Rg1+ $1 (35... Qe4 36.
Qh8+ $1 Kxh8 37. Rh6+ Kg8 38. Rh8#) 36. Rxg1 Qe4+ 37. Rf3 $1 Qxf3+ 38. Rg2 Qd1+
{= Fritz}) (32. Be5 {Karpov} Rxg4 33. Rf2 $18) (32. Rae1 {Karpov} Rxg4 33. Rf2
$18) (32. g5 $18 {Karpov}) 32... Rxg3 {Black must sacrifice the exchange.} ({If
} 32... Rxg4 33. Rxf6 $1 Qxf6 34. Qc8+ {with the winning fork}) 33. Qxg3 (33.
Qb8+ $142 $5 {Dolmatov} Kg7 (33... Kh7 34. Qxg3 Qh6 35. Qd3+ Kg7 36. g5 Rh1+
37. Kf2 $18) 34. Qxg3 Qh6 35. g5 Rh1+ 36. Kf2 Ne4+ 37. Kf3 $18) 33... Qh6 $1 {
The attack is in progress. The threat is 34... Rh1+ 35.Kf2 Ne4+} 34. Qf3 $1 {
It looks like this is the only move} (34. Rf4 {Karpov} Nd5 $1) (34. g5 {
Dolmatov} Rh1+ 35. Kf2 Ne4+ 36. Kf3 (36. Ke3 {Karpov} Nxg3 37. gxh6 Rxf1 38.
Rxf1 Nxf1+) 36... Nxg3 37. gxh6 Rxf1+ 38. Rxf1 Nxf1 39. b4 Kh7 40. Ke4 Kxh6 41.
a4 Kg5 42. b5 {Can Black win?}) 34... Rh1+ 35. Kf2 Qd2+ 36. Kg3 Qd6+ 37. Kf2 (
37. Qf4 Ne4+ 38. Kf3 Nd2+ 39. Kg3 Ne4+ {draw}) 37... Qd2+ 38. Kg3 Qd6+ 1/2-1/2

[Event "Olympiad-38"]
[Site "Dresden"]
[Date "2008.11.23"]
[Round "10"]
[White "Mamedyarov, Shakhriyar"]
[Black "Adly, Ahmed"]
[Result "1-0"]
[WhiteElo "2731"]
[BlackElo "2586"]
[Annotator "Krasenkow,M"]
[PlyCount "85"]
[EventDate "2008.11.13"]
[EventType "team-swiss"]
[EventRounds "11"]
[EventCountry "GER"]
[SourceTitle "CBM 128"]
[Source "ChessBase"]
[SourceDate "2009.01.28"]
[SourceVersion "1"]
[SourceVersionDate "2009.01.28"]
[SourceQuality "1"]
[WhiteTeam "Azerbaijan"]
[BlackTeam "Egypt"]
[WhiteTeamCountry "AZE"]
[BlackTeamCountry "EGY"]

1. d4 d5 2. c4 e6 3. Nc3 Nf6 4. Nf3 c6 5. e3 Nbd7 6. Bd3 Bd6 7. e4 dxc4 8. Bxc4
e5 9. O-O O-O 10. Bg5 Qe7 11. Re1 Rd8 12. Qe2 {A harmless move.} (12. d5 {
is the main line.}) 12... Nb6 (12... exd4 13. Nxd4 Bxh2+ $4 (13... Nb6 14. Bb3
Bxh2+ (14... h6 15. Bxf6 Qxf6 16. Nxc6 $1 bxc6 17. e5 $14) 15. Kxh2 Rxd4 16. e5
Qc7 17. Rac1 $44) 14. Kxh2 Qe5+ 15. f4 Qxd4 16. Rad1 Qb6 17. e5 Re8 18. Qf3 $18
{1-0 Chaumont,P (2069)-Ricroque,J (2083)/Paris 2002/EXT 2004 (24)}) (12... Nf8
13. h3 (13. dxe5 Bxe5 14. Nxe5 Qxe5 15. Be3 $14) 13... h6 14. Bxf6 Qxf6 15.
dxe5 Bxe5 16. Nxe5 Qxe5 17. Rad1 Be6 $11 {0-1 Kostic,B-Alekhine,A/Karlsbad
1911/HCL (46)}) (12... h6 $5 13. Bh4 exd4 14. Nxd4 Nb6 15. Nf3 (15. Bb3 Bxh2+
16. Kxh2 Rxd4) 15... g5 16. Bg3 Bxg3 17. hxg3 Nxc4 18. Qxc4 Be6 19. Qe2 Rd7 20.
e5 Ne8 21. Qe3 c5 22. Ne4 Rd5 23. Nc3 Rd7 24. Ne4 Rd5 25. Nc3 {1/2 Illescas
Cordoba,M (2595)-Akopian,V (2655)/Linares 1995/CBM 046}) 13. Bb3 (13. dxe5 Bxe5
14. Bb3 h6 (14... Bg4 $11) 15. Bh4 (15. Nxe5 Qxe5 16. Bh4 $14) 15... Bg4 16. h3
Bxf3 17. Qxf3 Nbd7 18. Qe3 Qc5 19. Qf3 Qe7 20. Rad1 Nc5 21. Bc2 Rxd1 22. Rxd1
Rd8 $11 {1-0 Golovlev,N-Dmitrenko,V (2324)/Dnipropetrovsk 2001/EXT 2003 (41)})
13... Bg4 14. h3 $5 {[%mdl 512] Creative but objectively incorrect.} (14. d5
$11) 14... Bxf3 15. Qxf3 exd4 16. e5 $5 Bxe5 17. Ne4 Nbd5 18. Nxf6+ gxf6 19.
Bh6 Kh8 20. Bc2 (20. Qf5 Rg8 $1 21. f4 Rg6 22. fxe5 Rxh6 $15) 20... Qe8 $2 {
After this mistake White's attack becomes formidable.} (20... Rg8 $1 21. Qh5 (
21. Re4 Rg6 22. Rh4 f5) 21... Rg6 $1 {could have put White's idea under doubt.}
22. f4 {didn't work due to} Qc5) 21. Re4 $1 {[%mdl 128]} Rd6 $2 {Black is
clearly bewildered.} (21... Qe6 $142 $1 22. Rh4 d3 $1 (22... Ne7 23. Qh5 d3 24.
Bb3 Qf5 25. Qxf7 $18) 23. Bxd3 (23. Qxd3 f5) (23. Qh5 $2 dxc2) 23... Ne7 24.
Bxh7 $1 (24. Qh5 $2 Rxd3 25. Bf8 Qf5 26. Qxf7 Qg6) 24... Kxh7 (24... Ng6 $143
25. Be3 $1 Nxh4 26. Qh5 Ng6 (26... Qe8 27. Qxh4 $18) 27. Bxg6+ Kg8 28. Qh7+ Kf8
29. Bc5+ Bd6 30. Bf5 Qe5 31. Bxd6+ Rxd6 $8 32. Qh8+ Ke7 33. Qxa8 Qxf5 34. Qxb7+
$18) 25. Bf8+ Kg8 26. Bxe7 Rd4 $1 27. Rxd4 Bxd4 28. Qg3+ Kh7 29. Qd3+ Kg7 30.
Qxd4 Qxe7 31. Rd1 $16 {[%csl Rg7]}) 22. Rh4 $18 Ne7 (22... f5 $8 23. Qxf5 Rg6
24. Re1 f6 25. Bd2 $18 {[%cal Rf5g6,Rf2f4]}) 23. Bxh7 Kxh7 24. Bf8+ Kg8 25.
Bxe7 f5 26. Bxd6 Bxd6 27. Qxf5 Qe5 28. Qh7+ Kf8 29. Qh8+ Ke7 30. Qxe5+ Bxe5 31.
Re1 Kf6 32. Rhe4 d3 33. Rd1 Rd8 34. Re3 Bxb2 35. Rexd3 Rb8 36. Rf3+ Ke6 37.
Re3+ Kf6 38. Rd7 Be5 39. Rf3+ Ke6 40. Rfxf7 b5 41. Rfe7+ Kf6 42. Rxa7 c5 43.
Reb7 1-0

[Event "Brno-A"]
[Site "Brno"]
[Date "1994.??.??"]
[Round "9"]
[White "Stohl, Igor"]
[Black "Krasenkow, Michal"]
[Result "1/2-1/2"]
[WhiteElo "2560"]
[BlackElo "2595"]
[Annotator "Krasenkow,M"]
[PlyCount "37"]
[EventDate "1994.08.??"]
[EventType "tourn"]
[EventRounds "9"]
[EventCountry "CZE"]
[EventCategory "13"]
[SourceTitle "CBM 043"]
[Source "ChessBase"]
[SourceDate "1994.12.01"]
[SourceVersion "1"]
[SourceVersionDate "1994.12.01"]
[SourceQuality "1"]

1. Nf3 d5 2. d4 Nf6 3. c4 e6 4. Nc3 c6 5. e3 Nbd7 6. Bd3 Bd6 7. e4 dxe4 8. Nxe4
Nxe4 9. Bxe4 O-O 10. O-O h6 11. Bc2 e5 12. b3 Re8 $1 $146 13. Re1 exd4 14.
Rxe8+ Qxe8 15. Qxd4 Bc5 16. Qd3 Nf6 17. Bb2 Qd7 $1 18. Qc3 Qe7 19. h3 (19. Re1
Be6 $10) (19. a3 a5 20. Re1 Be6 21. Nd4 $142 Bxa3 22. Nf5 Qb4) (19. Nd4 Bg4 {
/\Rd8}) 1/2-1/2

[Event "Dortmund SuperGM 38th"]
[Site "Dortmund"]
[Date "2010.07.24"]
[Round "9"]
[White "Le, Quang Liem"]
[Black "Leko, Peter"]
[Result "1/2-1/2"]
[WhiteElo "2681"]
[BlackElo "2734"]
[Annotator "Krasenkow,M"]
[PlyCount "237"]
[EventDate "2010.07.15"]
[EventType "tourn"]
[EventRounds "10"]
[EventCountry "GER"]
[EventCategory "20"]
[SourceTitle "CBM 138"]
[Source "ChessBase"]
[SourceDate "2010.09.17"]
[SourceVersion "1"]
[SourceVersionDate "2010.09.17"]
[SourceQuality "1"]

1. d4 Nf6 2. c4 e6 3. Nf3 d5 4. Nc3 c6 5. e3 Nbd7 6. Qc2 Bd6 7. Bd3 O-O 8. O-O
dxc4 9. Bxc4 a6 10. a4 c5 11. Rd1 cxd4 $1 12. exd4 Qc7 $1 13. Qe2 Re8 {This is
considered the most accurate order of moves in this line - see e.g. Karpov -
Anand in CBM 89 (annotations by GM Ch.Lutz). However, Black has decent
alternatives:} (13... e5 $5 14. h3 exd4 $6 (14... h6 $5 15. Ba2 Re8) 15. Nxd4
Be5 16. Be3 Bf4 17. Nd5 Nxd5 18. Bxd5 Bxe3 19. Qxe3 Nf6 20. Bf3 $14 {1-0
Grachev,B (2653)-Sjugirov,S (2610)/Moscow 2010/CBM 135 (53)}) (13... b6 14. Bg5
h6 $1 (14... Bb7 $143 15. d5 $1 exd5 16. Nxd5 Nxd5 17. Bxd5 Bxd5 18. Rxd5 Nc5
19. Rad1 Rfe8 20. Qc2 Ne6 (20... Bf8 21. Be3 Rac8 22. Ng5 g6 23. b4 Ne6 24.
Qxc7 Rxc7 25. Ne4 $14 {1-0 Adianto,U-Gurevich,M/Batumi 2001/CBM 86 (51)}) 21.
Qd3 (21. Qb1 $5) 21... Bf4 22. Rd7 Qc5 23. Bxf4 Nxf4 24. Qb3 Ne6 25. g3 $14 {
1/2 Jankovic,A (2540)-Ribli,Z (2577)/Sibenik 2009/CBM 130 Extra (37)}) 15. Bxf6
Nxf6 16. d5 (16. Rac1 Bb7 17. d5 exd5 18. Nxd5 Nxd5 19. Bxd5 Bc5 20. Qe5 {
1/2 Finegold,B (2513)-Robson,R (2491)/Lubbock 2009/CBM 132 Extra}) 16... Re8
17. dxe6 Bxe6 18. Bxe6 Rxe6 19. Qd3 Bc5 20. h3 Rae8 $11 {1/2 Lapshun,Y (2443)
-Robson,R (2559)/Philadelphia 2010/CBM 135 Extra (58)}) 14. Bg5 (14. Re1 b6 15.
Bb3 Bb7 16. Ne5 {White allows simplifications, but otherwise he has nothing
special. Weiß lässt Vereinfachungen zu, aber auch sonst hat er wohl nichts
Besonderes} Nd5 17. Bd2 Nxc3 18. Bxc3 Nxe5 19. dxe5 Bc5 $11 {1/2 Karpov,A 
(2690)-Anand,V (2752)/Prague 2002/CBM 089/[Lutz] (34)}) (14. h3 b6 15. Ba2 Bb7
16. Re1 Rac8 17. Bd2 Bf4 18. Rad1 h6 19. Bxf4 Qxf4 20. Qe3 Qd6 $11 {1/2
Lafuente,P (2459)-Zambrana,O (2427)/Buenos Aires 2006/CBM 114 ext (93)}) 14...
h6 (14... Bf4 $6 15. d5 $1 Bxg5 16. dxe6 Ne5 17. exf7+ Nxf7 18. Nd5 $1 Qc6 19.
Ne7+ Kf8 20. Nxc6 Rxe2 21. Nd8 $1 $16 {1-0 Onischuk,A (2670)-Stefansson,H 
(2566)/Lubbock 2008/CBM 126 (53)}) (14... b6 15. Rac1 Bb7 16. Bd3 Qb8 17. Ne4
Bf4 18. Bxf4 Qxf4 19. Nfd2 Red8 20. Qe3 Nd5 $11 {0-1 Laxman,R (2503)-Arun
Prasad,S (2567)/Gurgaon 2010/CBM 135 Extra (65)}) 15. Bh4 b6 16. Bg3 (16. Bd3
Bb7 17. Rac1 Bxf3 18. Qxf3 Bxh2+ 19. Kh1 Qf4 20. Qh3 g5 21. Qxh2 Qxh4 22. Qxh4
gxh4 $11 {1/2 Jussupow,A (2585)-Sebag,M (2510)/Moscow 2008/CBM 123 (57)}) (16.
Rac1 Bb7 17. Bg3 Bxg3 18. hxg3 Qd6 19. Ne5 Red8 20. Ba2 Rac8 21. Nc4 Qb4 22.
Ne3 Re8 $11 {1/2 Anand,V (2783)-Leko,P (2751)/Miskolc 2009/CBM 130 Extra (51)})
16... Bxg3 17. hxg3 Qa7 $5 {Black protects the a6-pawn to develop his a8-rook.
The queen then goes to a8. However, there was nothing wrong with} (17... Bb7
18. Rac1 Qd6 19. Ne5 Rec8 {[%cal Yc8c7]} 20. f4 (20. b3 Rc7 {[%cal Ya8c8]}) (
20. Bd3 Qb4) 20... h5 $1 $13 {[%csl Rg4]}) 18. Ba2 Bb7 19. Ne5 Rad8 20. Nc4 Nf8
21. Rd2 Ng6 22. Ne5 Nxe5 23. dxe5 Rxd2 24. Qxd2 Ne4 25. Nxe4 Bxe4 26. Rc1 b5
27. Qd6 Qa8 28. f3 Bg6 29. Rc7 $6 {White now loses a pawn and must fight hard
for a draw.} (29. Rc6 $142 $11) 29... bxa4 30. Bc4 Qb8 31. Qc6 Rd8 32. Qb7 a5
33. Bb5 Qxb7 34. Rxb7 {[%mdl 4096]} Rd1+ (34... Rd5 $5 35. Bxa4 Rxe5 {However,
Black will not get anything better than "4 vs 3 on the kingside".}) 35. Kh2 Ra1
36. Ra7 a3 37. bxa3 Rxa3 38. g4 h5 39. gxh5 Bxh5 40. g4 Bg6 41. Kg2 Re3 42.
Rxa5 Rxe5 {"3 vs 2" now. If White plays carefully, he should not lose.} 43.
Ra8+ Kh7 44. Bf1 Re3 45. Ra5 Rc3 46. Kf2 Bc2 47. Be2 Kh6 48. Ra1 Bg6 49. Ra5
Bb1 50. Ra7 f6 51. Ra1 Bg6 52. Ra7 e5 53. Re7 Rc5 54. Ke3 Ra5 55. Kf2 Bc2 56.
Rc7 Ra2 57. Ke3 Ra3+ 58. Kf2 Bg6 59. Re7 Ra5 60. Ke3 Bb1 61. Rb7 Ra3+ 62. Kf2
Ba2 63. Rd7 g6 64. Rd6 Kg5 65. Rb6 Bd5 66. Rd6 Ba8 67. Re6 Rc3 68. Re8 Bd5 69.
Rd8 Bb7 70. Rd7 Bc6 71. Rd6 f5 72. gxf5 gxf5 73. Rd8 Bb7 (73... Kf4 74. Rc8)
74. Rb8 Rb3 75. Kg3 f4+ 76. Kf2 Rb2 77. Ke1 Rb6 78. Kf2 Kf6 79. Ke1 Ke7 80. Kf2
Kd7 81. Ke1 Rb1+ 82. Kf2 Rb2 83. Ke1 Rb4 84. Kf2 Kc7 85. Re8 Kd6 86. Rb8 Rb3
87. Rd8+ Kc5 88. Rd2 Bd5 89. Rc2+ Kd6 90. Rd2 Rc3 91. Rb2 Rc8 92. Rd2 Rc1 93.
Rb2 Kc5 94. Rd2 Rh1 95. Rc2+ Kb4 96. Kg2 Rh6 97. Rc7 Bc6 98. Re7 Rh5 99. Rc7
Kc5 100. Rc8 Rh6 101. Kf2 Kd4 102. Rd8+ Bd5 103. Rd7 Rh2+ 104. Kf1 Ke3 105.
Rxd5 Rf2+ 106. Kg1 Rxe2 107. Rxe5+ Kxf3 108. Rf5 Re1+ 109. Kh2 Rf1 110. Ra5
Rf2+ 111. Kg1 Re2 112. Kf1 Rf2+ 113. Kg1 Re2 114. Kf1 Re3 115. Ra2 Rb3 116.
Rf2+ Kg4 117. Rg2+ Rg3 118. Ra2 Rf3+ 119. Kg2 1/2-1/2